都道府県面積ドボンクイズ - Statistics

General Stats
  • This quiz has been taken 324 times
  • The average score is 13 of 25
Answers on the Grid
Answers color-coded by a green-red scale on the quiz's grid according to % correct below.
北海道
青森県
岩手県
宮城県
秋田県
山形県
福島県
茨城県
栃木県
群馬県
埼玉県
千葉県
東京都
神奈川県
新潟県
富山県
石川県
福井県
山梨県
長野県
岐阜県
静岡県
愛知県
三重県
滋賀県
京都府
大阪府
兵庫県
奈良県
和歌山県
鳥取県
島根県
岡山県
広島県
山口県
徳島県
香川県
愛媛県
高知県
福岡県
佐賀県
長崎県
熊本県
大分県
宮崎県
鹿児島県
沖縄県
 
Answer Stats
Answer % Correct
83,422km² 北海道
98%
15,275km² 岩手県
94%
13,784km² 福島県
89%
11,638km² 秋田県
85%
9,645km² 青森県
78%
13,562km² 長野県
76%
9,323km² 山形県
74%
10,621km² 岐阜県
73%
12,584km² 新潟県
66%
7,282km² 宮城県
64%
7,777km² 静岡県
63%
8,401km² 兵庫県
61%
9,186km² 鹿児島県
51%
8,478km² 広島県
45%
7,734km² 宮崎県
43%
7,409km² 熊本県
40%
6,098km² 茨城県
32%
7,102km² 高知県
32%
7,114km² 岡山県
30%
6,408km² 栃木県
27%
6,362km² 群馬県
24%
6,113km² 山口県
24%
6,708km² 島根県
21%
6,341km² 大分県
19%
5,774km² 三重県
18%
No matching quizzes found
Score Distribution
Percent of People with Each Score
Percentile by Number Answered
Your Score History
You have not taken this quiz